Determinaçâo Indirecta da Matéria Colectável (Registro nro. 159511)
[ vista simple ]
| 000 -LEADER | |
|---|---|
| fixed length control field | 01076ny a22002653n 4500 |
| 008 - FIXED-LENGTH DATA ELEMENTS--GENERAL INFORMATION | |
| fixed length control field | 091223s2007 po 000 0 por d |
| 020 ## - INTERNATIONAL STANDARD BOOK NUMBER | |
| International Standard Book Number | 9789727491308 |
| 035 ## - | |
| -- | 1853 |
| 040 ## - CATALOGING SOURCE | |
| Original cataloging agency | BUS |
| Modifying agency | vLex |
| 080 ## - | |
| -- | 347.9557(469) |
| 090 ## - | |
| -- | 1008 |
| -- | 1008 |
| 100 1# - MAIN ENTRY--PERSONAL NAME | |
| Personal name | Leitâo, Helder Martins |
| 245 10 - TITLE STATEMENT | |
| Title | Determinaçâo Indirecta da Matéria Colectável |
| Medium | [Recurso electrónico] |
| Statement of responsibility, etc | Helder Martins Leitâo |
| 256 ## - | |
| -- | Servicio en línea |
| 260 ## - PUBLICATION, DISTRIBUTION, ETC. (IMPRINT) | |
| Place of publication, distribution, etc | Portugal : |
| Name of publisher, distributor, etc | Almeida & Leitâo, |
| Date of publication, distribution, etc | 2007 |
| 300 ## - PHYSICAL DESCRIPTION | |
| Extent | p. ; |
| Dimensions | cm |
| 506 1# - RESTRICTIONS ON ACCESS NOTE | |
| Terms governing access | Contenido solo disponible en los productos indicados |
| Authorized users | vLex Global |
| -- | vLex Global (Academic Edition, excluding Law Schools) |
| -- | vLex Global (U.S. Academic Edition, Law Schools) |
| -- | vLex Global (U.S. Academic Edition, excluding Law Schools) |
| -- | vLex Global (Academic Edition, Law Schools) |
| 650 04 - SUBJECT ADDED ENTRY--TOPICAL TERM | |
| Topical term or geographic name as entry element | Derecho fiscal |
| Geographic subdivision | Portugal |
| 650 04 - SUBJECT ADDED ENTRY--TOPICAL TERM | |
| Topical term or geographic name as entry element | Hacienda local |
| 650 04 - SUBJECT ADDED ENTRY--TOPICAL TERM | |
| Topical term or geographic name as entry element | Medios de impugnación |
| Geographic subdivision | Portugal |
| 740 0# - | |
| -- | vLex Libros (Servicios en línea) |
| 856 40 - LOCALIZACIÓN Y ACCESO ELECTRÓNICO | |
| Identificador Uniforme del Recurso (URI/URL) | https://app.vlex.com/#/sources/1853 |
| 942 ## - | |
| -- | RAA |
| 999 ## - | |
| -- | 159511 |
| -- | 159511 |
No hay ítems disponibles.